LEADER 01192nam0-22004091i-4500 001 990003787970403321 005 20170227141029.0 010 $a88-04-36452-1 035 $a000378797 035 $aFED01000378797 035 $a(Aleph)000378797FED01 035 $a000378797 100 $a20030910d1992----km-y0itay50------ba 101 1 $aita 105 $ay-------001yy 200 1 $a<>razzismo in Europa$edalle origini all'olocausto$fGeorge L. Mosse$gtraduzione di Livia De Felice 210 $aMilano$cArnoldo Mondadori$dc1992 215 $axi, 285 p.$d20 cm 225 1 $aOscar saggi$v304 300 $aTrad. di Toward the Final Solution. A History of European Racism 610 0 $aRazzismo$aEuropa$aStoria 610 0 $aAntisemitismo 610 0 $aOlocausto 676 $a305.80094 676 $a305.892 4 676 $a940.5318 700 1$aMosse,$bGeorge Lachmann$f<1918-1999>$0123071 801 0$aIT$bUNINA$gRICA$2UNIMARC 901 $aBK 912 $a990003787970403321 952 $a305.80094 MOS 1$b5710$fBFS 952 $aDIC MOS 1$fBFS$b907 959 $aBFS 959 $aBFS 959 $aFLFBC 996 $aRazzismo in Europa$9249607 997 $aUNINA LEADER 00809nam0-22002771i-450 001 990004386440403321 005 20200318112720.0 010 $a2-256-90975-1 035 $a000438644 100 $a19990604g19989999km-y0itay50------ba 101 0 $afre 102 $aFR 105 $ay-------001yy 200 1 $aAutour du Requiem$e"faisant la planche sur le fleuve des morts"$gtextes réunis par Jean Touzot 210 $aParis$aCaen$cLettres modernes Minard$d1998 215 $av.$d20 cm 225 1 $a<>revue des lettres modernes Jean Cocteau$v2 676 $a848.912$v20$zita 702 1$aTouzot,$bJean 801 0$aIT$bUNINA$gRICA$2UNIMARC 901 $aBK 912 $a990004386440403321 952 $aCOLL.437(26B)$fFLFBC 959 $aFLFBC 996 $aAutour du Requiem$91734850 997 $aUNINA LEADER 01968nam 2200349 450 001 9910688157903321 005 20230625151647.0 035 $a(CKB)5580000000514478 035 $a(NjHacI)995580000000514478 035 $a(EXLCZ)995580000000514478 100 $a20230625d2022 uy 0 101 0 $aeng 135 $aur||||||||||| 181 $ctxt$2rdacontent 182 $cc$2rdamedia 183 $acr$2rdacarrier 200 00$aBlood groups $emore than inheritance of antigenic substances /$fKaneez Fatima Shad, editor 210 1$aLondon :$cIntechOpen,$d2022. 215 $a1 online resource (144 pages) 311 $a1-83969-904-3 320 $aIncludes bibliographical references. 330 $aEvery cell in our body including red blood cells is covered with special markers called antigens, a substance that triggers the immune system response. Millions of antigens are present on the membrane of red blood cells and are ignored by the immune system because they are self-antigens. However, if a person receives a transfusion of blood that contains different antigens from their own blood, there will be a severe and immediate attack by the cells of the immune system. Therefore, it is important to use the patient's same blood group for the transfusion. The blood group antigens not only perform a critical role in the function of cells but can also be used by viruses to gain access into the cells. This book includes nine chapters on different blood group antigens and their activities behind the scenes. Chapters address blood antigens and their association with cardiovascular diseases, thromboembolic diseases, malaria, and many other diseases and infections. 606 $aBlood group antigens 615 0$aBlood group antigens. 676 $a616.0792 702 $aShad$b Kaneez Fatima 801 0$bNjHacI 801 1$bNjHacl 906 $aBOOK 912 $a9910688157903321 996 $aBlood Groups$92134705 997 $aUNINA